Soccer players by images #1 - Statistics

General Stats
  • This quiz has been taken 167 times
  • The average score is 13 of 16
Answer Stats
Picture Answer % Correct
Cristiano Ronaldo
99%
Lionel Messi
99%
Neymar Jr
98%
Kylian Mbappe
95%
Zlatan Ibrahimovic
95%
Karim Benzema
92%
Son Heung Min
92%
Wayne Rooney
92%
Kevin De Bruyne
90%
Gianluigi Buffon
89%
Marquinhos
74%
Giorgio Chiellini
73%
Kepa Arrizabalaga
71%
Dusan Vlahovic
63%
Federico Chiesa
63%
Jorginho
63%
No matching quizzes found
Score Distribution
Percent of People with Each Score
Percentile by Number Answered
Your Score History
You have not taken this quiz